Impact of U.S. economy on world trade, (Record no. 89973)
[ view plain ]
| 000 -LEADER | |
|---|---|
| fixed length control field | 00925cam a22002531 4500 |
| 001 - CONTROL NUMBER | |
| control field | sd 47000001 |
| 003 - CONTROL NUMBER IDENTIFIER | |
| control field | DLC |
| 005 - DATE AND TIME OF LATEST TRANSACTION | |
| control field | 20260227112735.0 |
| 008 - FIXED-LENGTH DATA ELEMENTS--GENERAL INFORMATION | |
| fixed length control field | 950208s1946 nyu b 000 0 eng c |
| 010 ## - LIBRARY OF CONGRESS CONTROL NUMBER | |
| LC control number | sd 47000001 |
| 035 ## - SYSTEM CONTROL NUMBER | |
| System control number | (OCoLC)31953005 |
| 040 ## - CATALOGING SOURCE | |
| Original cataloging agency | U.S. Dept. of state. Libr. |
| Transcribing agency | IEN |
| Modifying agency | DLC |
| 042 ## - AUTHENTICATION CODE | |
| Authentication code | premarc |
| 050 00 - LIBRARY OF CONGRESS CALL NUMBER | |
| Classification number | D410 |
| Item number | .F65 vol. 22, no. 19 |
| 100 1# - MAIN ENTRY--PERSONAL NAME | |
| Personal name | Hutcheson, Harold, |
| Dates associated with a name | 1912- |
| 245 10 - TITLE STATEMENT | |
| Title | Impact of U.S. economy on world trade, |
| Statement of responsibility, etc. | by Harold H. Hutcheson. |
| 260 ## - PUBLICATION, DISTRIBUTION, ETC. | |
| Place of publication, distribution, etc. | New York, N.Y., |
| Name of publisher, distributor, etc. | Foreign Policy Association, Incorporated |
| Date of publication, distribution, etc. | [1946] |
| 300 ## - PHYSICAL DESCRIPTION | |
| Extent | 1 p. l., 231-239, [1] p. |
| Dimensions | 27 cm. |
| 490 0# - SERIES STATEMENT | |
| Series statement | Foreign policy reports, |
| Volume/sequential designation | vol. XXII, no. 19. December 15, 1946 |
| 500 ## - GENERAL NOTE | |
| General note | "The trend of imports, by Harold H. Hutcheson and O.K.D. Ringwood": p. [240] |
| 504 ## - BIBLIOGRAPHY, ETC. NOTE | |
| Bibliography, etc. note | Bibliographical foot-notes. |
| 651 #0 - SUBJECT ADDED ENTRY--GEOGRAPHIC NAME | |
| Geographic name | United States |
| General subdivision | Economic conditions |
| Chronological subdivision | 1918-1945. |
| 650 #0 - SUBJECT ADDED ENTRY--TOPICAL TERM | |
| Topical term or geographic name entry element | Commerce |
| General subdivision | History. |
No items available.